Arpa 6

Guardat en:
Dades bibliogràfiques
Autors principals: Martínez Beltrán, José María (autor), Serrano Enguix, Manuel (Autor), Solano Luengo, Luis Octavio (Autor), Ancosta Fandos, María del Carmen (Autor), Gamazo Pérez, Dori (Autor)
Format: Llibre
Idioma:espanyol
Publicat: Madrid Bruño 2001
Matèries:
Etiquetes: Afegir etiqueta
Sense etiquetes, Sigues el primer a etiquetar aquest registre!

MARC

LEADER 00000nam a2200000 a 4500
001 UCL9494
003 CL-VaPUC
008 040813e20010000SP |||||||||||||||||spa|d
020 |a 8421640089 
082 0 4 |a 370.152  |b MAR  |2 21 
100 |a Martínez Beltrán, José María  |e autor  |9 487515 
700 0 |a Serrano Enguix, Manuel  |e author  |9 487341 
700 0 |a Solano Luengo, Luis Octavio  |e author  |9 487342 
700 0 |a Ancosta Fandos, María del Carmen  |e author  |9 487343 
700 |a Gamazo Pérez, Dori  |e author  |9 487363 
245 1 0 |a Arpa 6 
246 1 0 |a Actividades para el Refuerzo del Potencial de Aprendizaje 6 
300 |a 70 p 
942 |c BK 
945 |d 20040813 00:00:00  |a cmena 
260 |a Madrid  |b Bruño  |c 2001 
650 0 |a Psicología educacional   |9 307830 
650 0 |a Desarrollo cognitivo  |9 311398 
650 0 |a Métodos de enseñanza  |9 270413 
650 0 |a Educación básica   |9 224933 
650 0 |a Lógica  |9 256849 
650 7 |a JUEGOS DIDACTICOS  |2 CL-VaPUC  |9 372975 
583 |a last modification  |c 20040813 00:00:00  |k Rodrigo Vera 
999 |c 310260  |d 310258 
952 |0 0  |1 0  |2 ddc  |4 0  |6 370_152000000000000_MAR_2001  |7 0  |8 A  |9 378543  |a BIBEDU  |b BIBEDU  |d 2019-11-21  |i 4048040  |l 1  |o 370.152 MAR 2001  |p 4048040  |r 2024-04-19  |s 2024-04-19  |w 2019-11-21  |y BK  |k EPE